000 00649nam a2200241Ia 4500
003 OSt
005 20220912152132.0
006 a|||||r|||| 00| 0
007 ta
008 220909b |||||||| |||| 00| 0 eng d
024 _a58936
037 _cTextual
040 _aCSL
_beng
_cCSL
041 _aeng
082 _aC, G6 CS
100 _aTarrant G T P
245 0 _aPhysics: A supplementary textbook for the use of scholarship candidates and university students
260 _c1936
300 _ap.
_ccm.
650 _aPhysics
942 _hC, G6 CS
_cTEXL
_2CC
999 _c81277
_d81277